Documento firmado por Don José María Ballesteros (Record no. 4848)

MARC details
000 -CABECERA
campo de control de longitud fija 01619nam a2200325 a 4500
001 - NÚMERO DE CONTROL
campo de control BRCA_5154
005 - FECHA Y HORA DE LA ÚLTIMA TRANSACCIÓN
campo de control 20190320204949.0
008 - DATOS DE LONGITUD FIJA--INFORMACIÓN GENERAL
campo de control de longitud fija 221110s1827----mx-######v---#000-0#spa-#
041 ## - CÓDIGO DE LENGUA
Código de lengua del texto/banda sonora o título independiente spa
044 ## - CÓDIGO DEL PAÍS DE LA ENTIDAD EDITORA/PRODUCTORA
Código MARC del país mx
084 ## - OTRO NÚMERO DE CLASIFICACIÓN
Número de clasificación DOC139
Número de documento/Ítem .B35
-- 1827
100 1# - ENTRADA PRINCIPAL--NOMBRE DE PERSONA
Nombre de persona Ballesteros, José María
9 (RLIN) 13181
245 10 - MENCIÓN DE TÍTULO
Título Documento firmado por Don José María Ballesteros
Mención de responsabilidad, etc. José María Ballesteros ; José Mariano Dávila ; Domingo Espinoza.
260 ## - PUBLICACIÓN, DISTRIBUCIÓN, ETC.
Lugar de publicación, distribución, etc. México
Fecha de publicación, distribución, etc. 1827
300 ## - DESCRIPCIÓN FÍSICA
Extensión [7] fojas
Dimensiones 32 x 22 cm.
500 ## - NOTA GENERAL
Nota general Documento firmado el 12 de junio de 1827.
500 ## - NOTA GENERAL
Nota general Documento en el cuál Don Domingo Espinoza, preso sentenciado de la cárcel nacional, pide a las autoridades competentes licencia y permiso a fin de poderse curar de sus padecimientos. Acompañan a la petición 3 certificados médicos para justificar su enfermedad.
500 ## - NOTA GENERAL
Nota general Contiene sello con escudo nacional mexicano y el lema: ´SELLO CUARTO. UNA CUARTILLA. PARA LOS AÑOS DE MIL OCHOCIENTOS VEINTE Y SEIS Y OCHOCIENTOS VEINTE Y SIETE´.
500 ## - NOTA GENERAL
Nota general El documento contiene la leyenda DOC. #307.
500 ## - NOTA GENERAL
Nota general Papel con marca de agua.
506 0# - NOTA DE RESTRICCIONES AL ACCESO
Limitaciones de acceso Fondo Reservado. Para su consulta es necesario credencial de usuario y carta de motivos.
546 ## - NOTA DE LENGUA/LENGUAJE
Nota de lengua/lenguaje Texto en: español de principios del siglo XIX.
600 14 - PUNTO DE ACCESO ADICIONAL DE MATERIA--NOMBRE DE PERSONA
Nombre de persona Ballesteros, José María
Subdivisión general Historia
9 (RLIN) 13182
650 14 - PUNTO DE ACCESO ADICIONAL DE MATERIA--TÉRMINO DE MATERIA
Término de materia o nombre geográfico como elemento de entrada Documentos legales
Subdivisión de forma Manuscritos
Subdivisión general Historia
9 (RLIN) 12814
651 #4 - PUNTO DE ACCESO ADICIONAL DE MATERIA--NOMBRE GEOGRÁFICO
Nombre geográfico México
Subdivisión general Historia
Subdivisión cronológica Primeros gobiernos independientes, 1821-1824
9 (RLIN) 13183
700 1# - PUNTO DE ACCESO ADICIONAL--NOMBRE DE PERSONA
Nombre de persona Espinoza, Domingo
9 (RLIN) 13184
700 1# - PUNTO DE ACCESO ADICIONAL--NOMBRE DE PERSONA
Nombre de persona Dávila, José Mariano
9 (RLIN) 13185
902 ## - CATALOGADOR
Iniciales FDH
942 ## - ELEMENTOS DE PUNTO DE ACCESO ADICIONAL (KOHA)
Fuente del sistema de clasificación o colocación Library of Congress Classification
Tipo de ítem Koha Documentos
Holdings
Estado de retiro Estado de pérdida Estado dañado No para préstamo Localización permanente Ubicación/localización actual Fecha de adquisición Total de préstamos Signatura topográfica completa Código de barras Fecha visto por última vez Precio válido a partir de Tipo de ítem Koha
El ejemplar forma parte de la colección y puede ser consultado según las políticas vigentes.       Biblioteca del Museo Franz Mayer (Rogerio Casas-Alatriste) Biblioteca del Museo Franz Mayer (Rogerio Casas-Alatriste) 22/11/2010   DOC139 .B35 1827 5498 22/03/2019 22/03/2019 Documentos